000 00431nam a2200169 a 4500
001 0000-9187
003 ELIB.Books
008 110520 1986
035 _a(ELIB.Books)0000-9339
082 _a270.82
_bVan
100 _aVander Bent, Ans J.
245 _aVilat Ecumenical Concerns
260 _bGeneva: WCC Publications
_c1986
650 _aChurch History
942 _2ddc
_cBK
998 _cbat
_e2011-05-20
999 _c9187
_d9187